Yu-Gi-Oh! Archetypes by Picture - E - Statistics

General Stats
  • This quiz has been taken 52 times
  • The average score is 8 of 12
Answer Stats
Picture Answer % Correct
Exodia
98%
Earthbound Immortal
83%
Elemental HERO
83%
Evil HERO
80%
Evol
73%
Evil Twin
68%
Endymion
63%
Elementsaber
53%
Entity
53%
Evilswarm
50%
Evil Eye
48%
Empower
15%
No matching quizzes found
Score Distribution
Percent of People with Each Score
Percentile by Number Answered
Your Score History
You have not taken this quiz